Historia del Derecho Civil peruano: siglos XIX y XX
Gardado en:
| Autor Principal: | |
|---|---|
| Formato: | Libro |
| Idioma: | inglés |
| Publicado: |
Lima, Perú:
Fondo Editorial Pontificia Universidad Católica del Perú,
2009-2011
|
| Subjects: | |
| Tags: |
Engadir etiqueta
Sen Etiquetas, Sexa o primeiro en etiquetar este rexistro!
|
MARC
| LEADER | 00000nam a22000007a 4500 | ||
|---|---|---|---|
| 003 | CL-VaPUC | ||
| 005 | 20240112125533.0 | ||
| 008 | 200403b ||||| |||| 00| 0 eng d | ||
| 999 | |c 423244 |d 423242 | ||
| 020 | |a 9789972423444 (o.c) 9789972428784 (t.6 v.2) 9789972429514 (t.6 v.3) | ||
| 040 | |c Pontificia Universidad Católica de Valparaíso | ||
| 082 | 0 | 4 | |2 21 |a 346.85 RAM 2009 |
| 100 | 1 | |a Ramos Núñez, Carlos Augusto |e autor |9 814336 | |
| 245 | 1 | 0 | |a Historia del Derecho Civil peruano: siglos XIX y XX |
| 260 | 3 | |a Lima, Perú: |b Fondo Editorial Pontificia Universidad Católica del Perú, |c 2009-2011 | |
| 300 | |a t | ||
| 500 | |a C. Donación Profesor Carlos Salinas Araneda. MEMO DER Nº 2 9/1/24 | ||
| 505 | |a t.6: El Código de 1936. v.2: La génesis y las fuentes. v.3: El bosque institucional. | ||
| 583 | |c 20200403 |k Daniel Castañeda | ||
| 650 | 1 | 0 | |a Derecho civil peruano |9 452635 |
| 650 | 1 | 0 | |a Historia del derecho peruano |y SIGLOS XIX-XX |9 428503 |
| 650 | 1 | 0 | |9 814332 |a CODIGO CIVIL PERUANO |y 1936 |
| 942 | |2 ddc |c BK | ||
| 952 | |0 0 |1 0 |2 ddc |4 0 |6 346_850000000000000_RAM_2009 |7 0 |8 DER_HDC |9 562302 |a BIBDER |b BIBDER |d 2020-04-03 |h t.6 v.2 |i 5618991 |l 1 |o 346.85 RAM 2009 |p 5618991 |r 2023-01-25 |s 2020-04-30 |t 1 |w 2020-04-03 |y BK |k DER | ||
| 952 | |0 0 |1 0 |2 ddc |4 0 |6 346_850000000000000_RAM_2011 |7 0 |8 DER_HDC |9 593294 |a BIBDER |b BIBDER |d 2024-01-11 |e Donación |h t.6 v.3 |i 5660119 |o 346.85 RAM 2011 |p 5660119 |r 2024-01-11 |t 1 |w 2024-01-11 |x Ubicación 4º Piso |y BK |z Estos recursos deben solicitarse con anticipación |k DER | ||